000 00353nam a2200133Ia 4500
008 240624s9999 xx 000 0 und d
041 _aeng
082 _a658 MIT
100 _aMITHAL ANKUR
245 _aSOME METHOD SOME MADNESS MANAGING BPO IN
260 _c2012
_aNew Delhi
_bTata McGraw-Hill
300 _axi, : 300 : p. : cm. ; 26
365 _cRS
_b33
999 _c25719
_d25719